| 000 | 00467nam a2200169Ia 4500 | ||
|---|---|---|---|
| 003 | GCL | ||
| 008 | 140319s9999 xx 000 0 eng d | ||
| 040 |
_aGCL / _cGCL |
||
| 082 | 0 | 4 |
_a423 _bK C |
| 100 | 1 | _aKHEDER EL-GOWAD | |
| 245 | 1 | 0 |
_aA COMPREHENSIVE ENLISH ARABIC DICTIONARY: WITH COLOURED ILLUSTRATIONS / _cKHEDER EL-GOWAD |
| 260 |
_a[S.N] : _bLIBRARY OF LIBONON |
||
| 300 | _a1103 | ||
| 650 | 0 | 4 | _aDICTIONARIES |
| 650 | 0 | 4 | _aENGLISH - ARABIC |
| 942 |
_2ddc _cBK |
||
| 999 |
_c10982 _d10982 |
||